[Event "TCh-RUS Women 2022"]
[Site "Sochi RUS"]
[Date "2022.05.05"]
[Round "5.2"]
[Board "1"]
[White "Lagno, Kateryna"]
[Black "Gunina, Valentina"]
[Result "1-0"]
[WhiteTitle "GM"]
[BlackTitle "GM"]
[WhiteElo "2550"]
[BlackElo "2471"]
[WhiteTeam "Shakhmatnaya sbornaya Moskvy"]
[BlackTeam "Yuzhnyy Ural - 1 (Chelyabinskaya oblast)"]
[WhiteFideId "14109336"]
[BlackFideId "4167570"]
[EventDate "2022.05.01"]

1. e4 c6 2. d4 d5 3. e5 c5 4. Nf3 cxd4 5. Nxd4 e6 6. Bd3 Nc6 7. Nxc6 bxc6 8. O-O
Ne7 9. Nd2 Ng6 10. Re1 a5 11. c3 Be7 12. Qg4 O-O 13. Nf3 f5 14. exf6 Rxf6 15.
Qh5 Ba6 16. Bxa6 Rxa6 17. Ng5 h6 18. Nxe6 Qd7 19. Qe2 Ra7 20. Bd2 c5 21. Qe3 Nh4
22. Nf4 Qc6 23. Qh3 Rf5 24. Re6 Qd7 25. Rae1 Bg5 26. Re8+ Kh7 27. Qd3 Qa4 28.
Ne6 Be7 29. Nxg7 c4 30. Qd4 Bc5 31. Qxc5 Rxg7 32. Qc8 Rxg2+ 33. Kh1 Rfxf2 34.
Rh8+ Kg6 35. Rxh6+ Kg7 36. Re7+ 1-0

[Event "TCh-RUS Women 2022"]
[Site "Sochi RUS"]
[Date "2022.05.05"]
[Round "5.2"]
[Board "2"]
[White "Badelka, Olga"]
[Black "Shuvalova, Polina"]
[Result "0-1"]
[WhiteTitle "IM"]
[BlackTitle "IM"]
[WhiteElo "2453"]
[BlackElo "2493"]
[WhiteTeam "Yuzhnyy Ural - 1 (Chelyabinskaya oblast)"]
[BlackTeam "Shakhmatnaya sbornaya Moskvy"]
[WhiteFideId "13509926"]
[BlackFideId "24171760"]
[EventDate "2022.05.01"]

1. c4 e5 2. g3 c6 3. d4 e4 4. d5 Bb4+ 5. Bd2 Qe7 6. e3 cxd5 7. cxd5 Nf6 8. Nc3
O-O 9. a3 Bxc3 10. Bxc3 d6 11. Bg2 Nbd7 12. Ne2 Re8 13. h3 Ne5 14. O-O b6 15.
Bxe5 Qxe5 16. Nc3 Bb7 17. Qd2 Bxd5 18. Nxd5 Nxd5 19. Rac1 Red8 20. Rc4 Nf6 21.
Rfc1 d5 22. Rc7 Ne8 23. R7c6 h5 24. Bf1 g6 25. b4 Ng7 26. Qa2 h4 27. g4 Ne6 28.
Bg2 Rd7 29. Qc2 Rad8 30. a4 Ng5 31. Rc7 Rd6 32. Rc8 d4 33. Qb2 Qe8 34. Rxd8 Qxd8
35. exd4 Rxd4 36. Qb3 Rd3 37. Qc4 Qf6 38. Re1 Qf4 39. Qc1 Qxc1 40. Rxc1 Ra3 41.
a5 bxa5 42. Rc5 Nxh3+ 43. Bxh3 Rxh3 44. Rxa5 Rb3 45. Rxa7 Rxb4 46. Kg2 e3 47. f3
Rb2+ 48. Kh3 Rf2 49. Kxh4 Rxf3 50. Re7 Kf8 51. Re4 f5 52. gxf5 gxf5 53. Re5 Kf7
54. Kg5 f4 55. Kf5 Rf2 0-1

[Event "TCh-RUS Women 2022"]
[Site "Sochi RUS"]
[Date "2022.05.05"]
[Round "5.2"]
[Board "3"]
[White "Bivol, Alina"]
[Black "Maltsevskaya, Aleksandra"]
[Result "1-0"]
[WhiteTitle "IM"]
[BlackTitle "IM"]
[WhiteElo "2370"]
[BlackElo "2396"]
[WhiteTeam "Shakhmatnaya sbornaya Moskvy"]
[BlackTeam "Yuzhnyy Ural - 1 (Chelyabinskaya oblast)"]
[WhiteFideId "4100123"]
[BlackFideId "24174041"]
[EventDate "2022.05.01"]

1. e4 c5 2. Nf3 e6 3. d4 cxd4 4. Nxd4 a6 5. Bd3 Nf6 6. O-O d6 7. c4 g6 8. Nc3
Bg7 9. Be2 O-O 10. Nb3 Nc6 11. Be3 Re8 12. Rc1 d5 13. exd5 exd5 14. cxd5 Nb4 15.
d6 Be6 16. Nc5 b6 17. Nxe6 Rxe6 18. Bf4 Bf8 19. Qb3 Bxd6 20. Rcd1 Nc6 21. Bxd6
Rxd6 22. Rxd6 Qxd6 23. Qxb6 Rb8 24. Qxa6 Nd7 25. Rd1 Qc7 26. Nd5 Qe5 27. Qxc6
Qxe2 28. Nc3 Qxb2 29. h3 Nb6 30. Qc7 Rc8 31. Rd8+ Rxd8 32. Qxd8+ Kg7 33. Qd4+
Kg8 34. Kh2 h5 35. Qc5 Kh7 36. Ne4 Na4 37. Qc4 Qb8+ 38. g3 Qa7 39. Kg1 Nb6 40.
Nf6+ Kg7 41. Qd4 Kh6 42. Nd5 1-0

[Event "TCh-RUS Women 2022"]
[Site "Sochi RUS"]
[Date "2022.05.05"]
[Round "5.2"]
[Board "4"]
[White "Solozhenkina, Elizaveta"]
[Black "Voit, Daria"]
[Result "0-1"]
[WhiteTitle "WGM"]
[BlackTitle "WGM"]
[WhiteElo "2283"]
[BlackElo "2350"]
[WhiteTeam "Yuzhnyy Ural - 1 (Chelyabinskaya oblast)"]
[BlackTeam "Shakhmatnaya sbornaya Moskvy"]
[WhiteFideId "34106615"]
[BlackFideId "4182146"]
[EventDate "2022.05.01"]

1. e4 e5 2. Nf3 Nc6 3. Nc3 Nf6 4. Bb5 Bb4 5. O-O O-O 6. d3 Bxc3 7. bxc3 d6 8.
Bg5 Qe7 9. Re1 Nd8 10. d4 Bg4 11. h3 Bxf3 12. Qxf3 Ne6 13. Bxf6 Qxf6 14. Qxf6
gxf6 15. Rad1 Rfd8 16. Bc4 Kf8 17. h4 Ke7 18. g3 Rab8 19. Bb3 b5 20. f3 c5 21.
Bxe6 fxe6 22. d5 Rb6 23. Rb1 exd5 24. exd5 c4 25. Kf2 Rc8 26. Ke3 Rc5 27. Ke4
Ra6 28. Rb2 Ra3 29. Re3 a6 30. f4 Kf7 31. Rf3 exf4 32. gxf4 f5+ 33. Kxf5 Rxd5+
34. Ke4 Rd1 35. h5 Kf6 36. f5 d5+ 37. Kf4 Rh1 38. Kg4 Rg1+ 39. Kf4 Rg5 40. Re3
Rxf5+ 41. Kg4 Rg5+ 42. Kh4 Re5 43. Rf3+ Rf5 44. Rg3 Rf1 45. Kg4 h6 46. Rh3 Rg1+
47. Kf4 0-1

[Event "TCh-RUS Women 2022"]
[Site "Sochi RUS"]
[Date "2022.05.07"]
[Round "6.1"]
[Board "1"]
[White "Pogonina, Natalija"]
[Black "Charochkina, Daria"]
[Result "1-0"]
[WhiteTitle "WGM"]
[BlackTitle "IM"]
[WhiteElo "2472"]
[BlackElo "2337"]
[WhiteTeam "Yugra (KhMAO - Yugra)"]
[BlackTeam "Yuzhnyy Ural - 2 (Chelyabinskaya oblast)"]
[WhiteFideId "4147855"]
[BlackFideId "4180917"]
[EventDate "2022.05.01"]

1. Nf3 d5 2. d4 Nf6 3. c4 c6 4. Qc2 dxc4 5. Qxc4 Bg4 6. Nbd2 Nbd7 7. g3 e6 8.
Bg2 Be7 9. O-O O-O 10. Qb3 Nb6 11. Rd1 h6 12. a4 a5 13. h3 Bh5 14. g4 Bg6 15.
Ne5 Bh7 16. Nf1 Qc7 17. Bf4 Nbd5 18. Bh2 Bd6 19. Nd2 Qe7 20. Rac1 Rab8 21. Bg3
Bc7 22. e4 Nb4 23. Qe3 Rfd8 24. Nb3 Ra8 25. Qe2 Ra6 26. Nc5 Ra7 27. Qe3 b6 28.
Ncd3 Bxe5 29. Nxe5 c5 30. dxc5 Rxd1+ 31. Rxd1 bxc5 32. Rc1 Rc7 33. Nc4 Rd7 34.
Nxa5 Qd8 35. Nc4 Rd1+ 36. Rxd1 Qxd1+ 37. Kh2 Qxa4 38. Nd6 Qc6 39. Qe2 Bg6 40.
Qc4 h5 41. e5 Nfd5 42. gxh5 Bd3 43. Qh4 Qd7 44. h6 Qe7 45. Qg4 g6 46. Bh4 Qf8
47. Bg5 Kh7 48. Qg3 c4 49. Bd2 Nc6 50. Bxd5 exd5 51. Qf4 f5 52. exf6 g5 53. Qg3
Qxf6 54. Bxg5 Qxb2 55. Ne8 Qe5 56. Bf4 Qb2 57. Nc7 Bf5 58. Nxd5 Qd4 59. Ne3 Be4
60. Qg4 Bg6 61. Kg3 c3 62. Qc8 Nd8 63. Ng4 c2 64. Qc7+ Nf7 65. Qc6 Qd3+ 66. Kh2
Qd8 67. Qc3 c1=Q 1-0

[Event "TCh-RUS Women 2022"]
[Site "Sochi RUS"]
[Date "2022.05.07"]
[Round "6.1"]
[Board "2"]
[White "Nasybullina, Dayana"]
[Black "Girya, Olga"]
[Result "1/2-1/2"]
[BlackTitle "GM"]
[WhiteElo "2005"]
[BlackElo "2408"]
[WhiteTeam "Yuzhnyy Ural - 2 (Chelyabinskaya oblast)"]
[BlackTeam "Yugra (KhMAO - Yugra)"]
[WhiteFideId "34127280"]
[BlackFideId "4195752"]
[EventDate "2022.05.01"]

1. e4 c5 2. g3 Nc6 3. Bg2 e6 4. Nf3 Nf6 5. Qe2 e5 6. c3 Be7 7. d4 cxd4 8. cxd4
exd4 9. e5 Ng4 10. h3 Ngxe5 11. Nxe5 Qa5+ 12. Nd2 Qxe5 13. Qxe5 Nxe5 14. Nb3 Nc6
15. O-O d5 16. Bxd5 Bxh3 17. Rd1 O-O-O 18. Bxc6 bxc6 19. Rxd4 Bf6 20. Ra4 Rd1+
21. Kh2 Be6 22. Rxa7 Bd5 23. Bf4 Rxa1 24. Nxa1 Re8 25. Ra8+ Kd7 26. Ra7+ Ke6 27.
Nc2 Bxb2 28. Be3 Rb8 29. a4 Bc3 30. g4 Be5+ 31. Kh3 Rb1 32. f4 Rb2 33. Nd4+ Bxd4
34. Bxd4 Rb3+ 35. Kh4 Rb4 36. Bxg7 Rxf4 37. Kg5 Rc4 38. Bf8 f6+ 39. Kh5 Bf3 40.
Re7+ Kd5 41. Rd7+ Ke5 42. Re7+ Kf4 43. a5 Bxg4+ 44. Kh6 Ra4 45. Ra7 Bf5 46. Ra8
Bd3 47. Rc8 Be4 48. Bd6+ Kf3 49. Bc7 c5 50. Bd8 c4 51. Bxf6 Rxa5 52. Rxc4 Ra6
53. Kg7 Rd6 54. Rc5 Bg6 55. Rc4 Bd3 56. Rd4 Rxd4 57. Bxd4 1/2-1/2

[Event "TCh-RUS Women 2022"]
[Site "Sochi RUS"]
[Date "2022.05.07"]
[Round "6.1"]
[Board "3"]
[White "Guseva, Marina"]
[Black "Filippova, Darya"]
[Result "1-0"]
[WhiteTitle "IM"]
[BlackTitle "WFM"]
[WhiteElo "2365"]
[BlackElo "1961"]
[WhiteTeam "Yugra (KhMAO - Yugra)"]
[BlackTeam "Yuzhnyy Ural - 2 (Chelyabinskaya oblast)"]
[WhiteFideId "4149351"]
[BlackFideId "24173738"]
[EventDate "2022.05.01"]

1. d4 d5 2. c4 dxc4 3. Nf3 b5 4. a4 b4 5. e3 e6 6. Bxc4 Nf6 7. O-O Bb7 8. Nbd2
c5 9. b3 Nbd7 10. Bb2 Be7 11. Qe2 O-O 12. Rfd1 Rc8 13. dxc5 Qc7 14. Rac1 Bxc5
15. Ba6 Rfd8 16. h3 Qb8 17. Bxb7 Qxb7 18. Nc4 Ne4 19. Nfd2 Nef6 20. e4 Nb6 21.
Nxb6 Bxb6 22. Bxf6 Rxc1 23. Rxc1 gxf6 24. Nc4 Bd4 25. Rd1 Qd7 26. Kh1 Kh8 27.
Rd3 e5 28. Ne3 Qc6 29. Nf5 Qc1+ 30. Rd1 Qg5 31. h4 Qg6 32. g3 h5 33. Kg2 Qg4 34.
Qxg4 hxg4 35. Rd3 Rc8 36. Nxd4 Rd8 37. f3 gxf3+ 38. Kxf3 exd4 39. Kf4 Kg7 40. e5
a5 41. exf6+ Kxf6 42. Ke4 Ke6 43. Rxd4 f5+ 44. Ke3 Rg8 45. Kf3 Rc8 46. Rd3 Ke5
47. Re3+ Kf6 48. Ke2 Rd8 49. Rd3 Rg8 50. Kf3 Ke5 51. Rd7 Rc8 52. Re7+ Kf6 53.
Ra7 Rc3+ 54. Kf4 Rxb3 55. Rxa5 Kg6 56. Rxf5 Rb1 57. Rb5 b3 58. Rb6+ Kf7 59. Kg5
b2 60. g4 Kf8 61. h5 Ra1 62. Rxb2 Rxa4 63. Rb5 Kg8 64. Kf5 Kg7 65. g5 Ra7 66.
Rd5 Rb7 67. Ke6 Rb1 68. Rd7+ Kg8 69. g6 Re1+ 70. Kf6 Rf1+ 71. Kg5 Rf8 72. h6 Ra8
73. h7+ Kh8 74. Kh6 Ra7 75. Rd8# 1-0

[Event "TCh-RUS Women 2022"]
[Site "Sochi RUS"]
[Date "2022.05.07"]
[Round "6.1"]
[Board "4"]
[White "Vanishvili, Mari"]
[Black "Kovanova, Baira"]
[Result "0-1"]
[BlackTitle "WGM"]
[WhiteElo "1918"]
[BlackElo "2317"]
[WhiteTeam "Yuzhnyy Ural - 2 (Chelyabinskaya oblast)"]
[BlackTeam "Yugra (KhMAO - Yugra)"]
[WhiteFideId "24111201"]
[BlackFideId "4164083"]
[EventDate "2022.05.01"]

1. e4 e5 2. Nf3 Nc6 3. Nc3 Nf6 4. d4 Bb4 5. Nxe5 Bxc3+ 6. bxc3 Qe7 7. Nxc6 Qxe4+
8. Qe2 dxc6 9. f3 Qxe2+ 10. Bxe2 Bf5 11. Bd3 Bxd3 12. cxd3 O-O-O 13. Ba3 Nd5 14.
Kd2 Rd7 15. Rhe1 Nf4 16. g3 Ne6 17. f4 g6 18. Re3 h5 19. Rf1 b6 20. f5 gxf5 21.
Rxf5 h4 22. g4 h3 23. Rh5 Rg8 24. Rhxh3 Rxg4 25. Reg3 Rxg3 26. hxg3 Rd5 27. Bc1
Kd7 28. Ke2 Rb5 29. g4 Rb1 30. Rh1 Ra1 31. a3 Nf4+ 32. Kd2 Ra2+ 33. Ke3 Nd5+ 34.
Kf3 Nxc3 35. Rh7 Ke8 36. Rh8+ Kd7 37. Bg5 Nb5 38. Ke4 Re2+ 39. Kf4 Nd6 40. Rd8+
Ke6 41. Ra8 a5 42. Kf3 Ra2 43. Bc1 Rc2 44. Bf4 Rc3 45. Ke3 Rxa3 46. Rh8 Ra1 47.
Rh6+ Ke7 48. Be5 Rg1 49. Kf4 a4 50. Bf6+ Kd7 51. Rh7 a3 52. Rh2 b5 0-1

[Event "TCh-RUS Women 2022"]
[Site "Sochi RUS"]
[Date "2022.05.07"]
[Round "6.2"]
[Board "1"]
[White "Nazarova, Anastasia"]
[Black "Shuvalova, Polina"]
[Result "0-1"]
[WhiteTitle "WFM"]
[BlackTitle "IM"]
[WhiteElo "2157"]
[BlackElo "2493"]
[WhiteTeam "SShOR po shakhmatam i shashkam - 2 (g. Sankt-"]
[BlackTeam "Shakhmatnaya sbornaya Moskvy"]
[WhiteFideId "34101737"]
[BlackFideId "24171760"]
[EventDate "2022.05.01"]

1. e4 c5 2. Nf3 d6 3. Bb5+ Nd7 4. c3 a6 5. Bd3 Ngf6 6. O-O e6 7. Re1 Be7 8. Bc2
b5 9. d4 Bb7 10. Nbd2 Qc7 11. Nf1 O-O 12. Ng3 Rfc8 13. Bd3 b4 14. Qe2 a5 15. Bd2
h6 16. Rac1 Qb6 17. e5 Ne8 18. exd6 Nxd6 19. Ne5 Nf6 20. dxc5 Qxc5 21. cxb4 Qd5
22. Rxc8+ Rxc8 23. Nf3 axb4 24. Bxb4 Qxa2 25. Ba3 Qb3 26. Rd1 Bd5 27. Nd4 Qb6
28. Qe5 Nd7 29. Qe2 Bf6 30. Nf3 Nc4 31. Rc1 Nd6 32. Rxc8+ Nxc8 33. Ne4 Be7 34.
Qc2 Qb7 35. Bxe7 Nxe7 36. h3 Nc6 37. Nd6 Qb8 38. Nc4 Bxf3 39. gxf3 f5 40. Qc3
Qf4 41. Be2 Nd4 42. Bd1 Nf6 43. Kg2 Nd5 44. Qd2 Qh4 45. Ne3 Nf4+ 46. Kh2 e5 47.
b4 Kh7 48. b5 Nxb5 49. Bc2 Nd4 50. Bxf5+ Nxf5 51. Qc2 g6 52. Qc7+ Ng7 53. Qxe5
Qxh3+ 0-1

[Event "TCh-RUS Women 2022"]
[Site "Sochi RUS"]
[Date "2022.05.07"]
[Round "6.2"]
[Board "2"]
[White "Bivol, Alina"]
[Black "Pogorelskikh, Sofia"]
[Result "0-1"]
[WhiteTitle "IM"]
[BlackTitle "WFM"]
[WhiteElo "2370"]
[BlackElo "2096"]
[WhiteTeam "Shakhmatnaya sbornaya Moskvy"]
[BlackTeam "SShOR po shakhmatam i shashkam - 2 (g. Sankt-"]
[WhiteFideId "4100123"]
[BlackFideId "44164548"]
[EventDate "2022.05.01"]

1. e4 c5 2. Nf3 Nc6 3. Bb5 g6 4. O-O Bg7 5. Bxc6 bxc6 6. d3 Nh6 7. c3 O-O 8. Bf4
f6 9. d4 d5 10. exd5 Qxd5 11. dxc5 Qxc5 12. Qb3+ Nf7 13. Nbd2 e5 14. Be3 Qd5 15.
c4 Qa5 16. c5 Ba6 17. Nc4 Qb5 18. Rfc1 Qxb3 19. axb3 Bb5 20. Nd6 Nxd6 21. cxd6
Rfd8 22. Bc5 Bf8 23. Rd1 Kf7 24. Rd2 Ke6 25. Rad1 Rd7 26. Re1 Bxd6 27. Nd4+ Ke7
28. Nxb5 Bxc5 29. Rxd7+ Kxd7 30. Rd1+ Ke7 31. Rc1 Bxf2+ 32. Kxf2 cxb5 33. Rc7+
Ke6 34. Ke3 h5 35. h3 h4 36. Ke4 Rd8 37. Rxa7 Rd4+ 38. Ke3 Rb4 39. Ra3 Kf5 40.
Kd2 g5 41. Ke3 e4 42. Kd2 Rd4+ 43. Ke2 Rd3 0-1

[Event "TCh-RUS Women 2022"]
[Site "Sochi RUS"]
[Date "2022.05.07"]
[Round "6.2"]
[Board "3"]
[White "Garmash, Aliona"]
[Black "Voit, Daria"]
[Result "1/2-1/2"]
[WhiteTitle "WFM"]
[BlackTitle "WGM"]
[WhiteElo "1999"]
[BlackElo "2350"]
[WhiteTeam "SShOR po shakhmatam i shashkam - 2 (g. Sankt-"]
[BlackTeam "Shakhmatnaya sbornaya Moskvy"]
[WhiteFideId "34127620"]
[BlackFideId "4182146"]
[EventDate "2022.05.01"]

1. d4 Nf6 2. c4 e6 3. Nf3 b6 4. g3 Bb7 5. Bg2 Be7 6. O-O O-O 7. Re1 d5 8. cxd5
exd5 9. Nc3 Nbd7 10. Bf4 c5 11. Qc2 Rc8 12. Rad1 a6 13. dxc5 Bxc5 14. Qb1 b5 15.
Nd4 Nb6 16. e3 Re8 17. Bh3 Ra8 18. Bg5 h6 19. Bxf6 Qxf6 20. Qf5 Bxd4 21. exd4
Qxf5 22. Bxf5 b4 23. Ne2 Bc8 24. Bxc8 Raxc8 25. Nf4 Rxe1+ 26. Rxe1 Kf8 27. b3
Rc2 28. Re2 Rc1+ 29. Kg2 a5 30. Rd2 Ke7 31. Nd3 Rc7 32. h4 Nd7 33. f3 Kd6 34.
Kf2 Nf8 35. Nf4 Ne6 36. Ne2 a4 37. bxa4 Ra7 38. Nc1 Rxa4 39. Ke3 Ra6 40. Nd3 Ra3
41. Rb2 g5 42. hxg5 hxg5 43. Rxb4 Rxa2 44. f4 gxf4+ 45. Nxf4 Ra3+ 46. Nd3 Ra2
47. Ne5 Ra3+ 48. Nd3 Ra2 1/2-1/2

[Event "TCh-RUS Women 2022"]
[Site "Sochi RUS"]
[Date "2022.05.07"]
[Round "6.2"]
[Board "4"]
[White "Borisova, Ekaterina"]
[Black "Reger, Valeriia"]
[Result "1/2-1/2"]
[WhiteTitle "FM"]
[WhiteElo "2248"]
[BlackElo "2008"]
[WhiteTeam "Shakhmatnaya sbornaya Moskvy"]
[BlackTeam "SShOR po shakhmatam i shashkam - 2 (g. Sankt-"]
[WhiteFideId "34124184"]
[BlackFideId "34175528"]
[EventDate "2022.05.01"]

1. d4 Nf6 2. c4 e6 3. g3 d5 4. Nf3 dxc4 5. Bg2 c5 6. O-O Nc6 7. Ne5 Nxe5 8. dxe5
Nd5 9. Na3 c3 10. Nc4 b5 11. Nd6+ Bxd6 12. exd6 Bb7 13. e4 Nf6 14. Qe2 Qb6 15.
bxc3 O-O 16. c4 e5 17. Rd1 Rad8 18. Bb2 Rfe8 19. f4 Nd7 20. Rd2 f6 21. Rad1 Bc6
22. h4 b4 23. h5 h6 24. Bh3 exf4 25. Bf5 Qb7 26. Re1 f3 27. Qxf3 Ne5 28. Bxe5
Rxe5 29. d7 Qc7 30. Qg4 Kf8 31. Qg6 Re7 32. Kh2 Rexd7 33. Bxd7 Rxd7 34. Red1
Rxd2+ 35. Rxd2 Qe7 36. Qf5 a5 37. Re2 Qe5 38. Qxe5 fxe5 39. Kg2 Ke7 40. Kf3 Be8
41. g4 Bf7 42. Ke3 Be6 43. Rf2 a4 44. Kd3 Bd7 45. a3 b3 46. Rf1 Be6 47. Kc3 Bd7
48. Rd1 Be6 49. Rd2 Bf7 50. g5 hxg5 51. Rg2 Kf6 52. Rf2+ Ke6 53. Rh2 Kf6 54.
Rf2+ Ke6 55. Rh2 Kf6 1/2-1/2

[Event "TCh-RUS Women 2022"]
[Site "Sochi RUS"]
[Date "2022.05.08"]
[Round "7.1"]
[Board "1"]
[White "Nazarova, Anastasia"]
[Black "Pogonina, Natalija"]
[Result "1-0"]
[WhiteTitle "WFM"]
[BlackTitle "WGM"]
[WhiteElo "2157"]
[BlackElo "2472"]
[WhiteTeam "SShOR po shakhmatam i shashkam - 2 (g. Sankt-"]
[BlackTeam "Yugra (KhMAO - Yugra)"]
[WhiteFideId "34101737"]
[BlackFideId "4147855"]
[EventDate "2022.05.01"]

1. e4 e5 2. Nf3 Nc6 3. Bb5 a6 4. Ba4 Nf6 5. O-O Be7 6. Re1 b5 7. Bb3 d6 8. c3
O-O 9. h3 Na5 10. Bc2 c5 11. d4 Qc7 12. Nbd2 cxd4 13. cxd4 Nc6 14. d5 Nb4 15.
Bb1 a5 16. Nf1 Bd7 17. Bd2 Na6 18. Bc2 Rfc8 19. Rc1 Bd8 20. g4 g6 21. Ng3 Qb7
22. Kg2 Nc5 23. g5 Ne8 24. Nh2 b4 25. Ng4 Bxg4 26. hxg4 a4 27. Bb1 b3 28. a3 Ba5
29. Bxa5 Rxa5 30. Rh1 Raa8 31. Qf3 Ng7 32. Nf5 gxf5 33. gxf5 Nd7 34. Rxh7 Rxc1
35. Qh3 Kf8 36. Rh8+ Ke7 37. f6+ Nxf6 38. gxf6+ Kxf6 39. Qh4+ 1-0

[Event "TCh-RUS Women 2022"]
[Site "Sochi RUS"]
[Date "2022.05.08"]
[Round "7.1"]
[Board "2"]
[White "Garifullina, Leya"]
[Black "Pogorelskikh, Sofia"]
[Result "1-0"]
[WhiteTitle "WGM"]
[BlackTitle "WFM"]
[WhiteElo "2402"]
[BlackElo "2096"]
[WhiteTeam "Yugra (KhMAO - Yugra)"]
[BlackTeam "SShOR po shakhmatam i shashkam - 2 (g. Sankt-"]
[WhiteFideId "34127035"]
[BlackFideId "44164548"]
[EventDate "2022.05.01"]

1. e4 c5 2. Nf3 Nc6 3. d4 cxd4 4. Nxd4 Nf6 5. Nc3 e5 6. Ndb5 d6 7. Nd5 Nxd5 8.
exd5 Nb8 9. a4 a6 10. Na3 Bf5 11. Nc4 Nd7 12. a5 Be7 13. Be3 O-O 14. Be2 Bg6 15.
O-O f5 16. f4 exf4 17. Bxf4 Nf6 18. Nb6 Rb8 19. Bf3 Nd7 20. Nc4 Qc7 21. b3 b5
22. axb6 Nxb6 23. Na5 Qc5+ 24. Kh1 Bf6 25. Ra2 Be8 26. c4 Be5 27. Qd2 Bxf4 28.
Qxf4 Nd7 29. Nc6 Rxb3 30. Ra5 Qe3 31. Qxd6 Rf6 32. Qe7 Nb6 33. Ne5 Rf8 34. c5
Nc4 35. Qe6+ Bf7 36. Nxc4 Qd4 37. Qxa6 Bxd5 38. Bxd5+ Qxd5 39. Nb6 Qe4 40. Ra4
Qe3 41. Qc4+ Kh8 42. Nd5 Qd3 43. c6 1-0

[Event "TCh-RUS Women 2022"]
[Site "Sochi RUS"]
[Date "2022.05.08"]
[Round "7.1"]
[Board "3"]
[White "Garmash, Aliona"]
[Black "Guseva, Marina"]
[Result "1/2-1/2"]
[WhiteTitle "WFM"]
[BlackTitle "IM"]
[WhiteElo "1999"]
[BlackElo "2365"]
[WhiteTeam "SShOR po shakhmatam i shashkam - 2 (g. Sankt-"]
[BlackTeam "Yugra (KhMAO - Yugra)"]
[WhiteFideId "34127620"]
[BlackFideId "4149351"]
[EventDate "2022.05.01"]

1. d4 d5 2. Nf3 Nf6 3. c4 c6 4. Nc3 e6 5. Bg5 Nbd7 6. e3 Qa5 7. Nd2 Bb4 8. Qc2
dxc4 9. Bxf6 Nxf6 10. Nxc4 Qc7 11. a3 Be7 12. Be2 O-O 13. O-O b6 14. Rfc1 Bb7
15. Bf3 Rac8 16. b4 Rfd8 17. h3 Nd5 18. Qb3 c5 19. Nb5 Qb8 20. bxc5 bxc5 21.
Rab1 Bc6 22. dxc5 Bxc5 23. Na5 Ba8 24. a4 g6 25. Nc3 Nxc3 26. Rxc3 Qxb3 27. Nxb3
Bxf3 28. Nxc5 Bd5 29. Rbc1 Rb8 30. Nd3 Rb7 31. Rc7 Rxc7 32. Rxc7 Bxg2 33. Kxg2
Rxd3 34. Rxa7 Ra3 35. Kf3 Ra2 36. Kg3 Kg7 37. h4 h5 38. Kf3 Kf6 39. Kg3 e5 40.
e4 Rb2 41. Ra6+ Kg7 42. Ra5 Ra2 43. Rxe5 Rxa4 44. f3 Ra7 45. Rb5 Kf6 46. Kf4 Ra6
47. Rc5 Ra1 48. Rc6+ Kg7 49. Rb6 Rh1 50. Kg3 Kf8 51. Rb7 Kg7 52. Rb6 Rc1 53. Kf4
Rg1 54. Ra6 Rb1 55. Rc6 Rb7 56. Ra6 Rb4 57. Rc6 Rb7 58. Ra6 f6 59. Rc6 Rb5 60.
Rc7+ Kf8 61. Ra7 Re5 62. Rb7 Rc5 1/2-1/2

[Event "TCh-RUS Women 2022"]
[Site "Sochi RUS"]
[Date "2022.05.08"]
[Round "7.1"]
[Board "4"]
[White "Kovanova, Baira"]
[Black "Reger, Valeriia"]
[Result "1-0"]
[WhiteTitle "WGM"]
[WhiteElo "2317"]
[BlackElo "2008"]
[WhiteTeam "Yugra (KhMAO - Yugra)"]
[BlackTeam "SShOR po shakhmatam i shashkam - 2 (g. Sankt-"]
[WhiteFideId "4164083"]
[BlackFideId "34175528"]
[EventDate "2022.05.01"]

1. e4 e6 2. d4 d5 3. e5 c5 4. c3 Qb6 5. Nf3 Nc6 6. a3 Bd7 7. b4 cxd4 8. cxd4 Rc8
9. Be3 Nh6 10. Bd3 Ng4 11. O-O Nxe3 12. fxe3 Be7 13. Nbd2 Nb8 14. Qe2 Ba4 15. e4
O-O 16. exd5 exd5 17. Rac1 Rxc1 18. Rxc1 Nc6 19. Qe3 Nd8 20. Nb1 Bc6 21. Nc3 a6
22. Bc2 Ne6 23. Bb3 Rd8 24. Kh1 h6 25. Rf1 a5 26. b5 Bxb5 27. Rb1 Bc6 28. Bxd5
Qxb1+ 29. Nxb1 Bxd5 30. Nbd2 b5 31. h3 b4 32. a4 Rc8 33. Qd3 Rb8 34. Nb3 Nf4 35.
Qc2 Bd8 36. Kh2 Be6 37. Nfd2 Rc8 38. Qe4 Nd5 39. Nc5 Bg5 40. Ndb3 Bf4+ 41. g3
Bg5 42. Nxe6 fxe6 43. Nc5 b3 44. Qg6 Nc7 45. Nxe6 Ne8 46. Nxg5 Rc2+ 47. Kg1 hxg5
48. Qxe8+ Kh7 49. Qb5 Rc3 50. Kf2 Kh6 51. e6 Rc2+ 52. Kf3 b2 53. e7 1-0

[Event "TCh-RUS Women 2022"]
[Site "Sochi RUS"]
[Date "2022.05.08"]
[Round "7.2"]
[Board "1"]
[White "Lagno, Kateryna"]
[Black "Lysenko, Margarita"]
[Result "1/2-1/2"]
[WhiteTitle "GM"]
[BlackTitle "WFM"]
[WhiteElo "2550"]
[BlackElo "2285"]
[WhiteTeam "Shakhmatnaya sbornaya Moskvy"]
[BlackTeam "Moskovskaya oblast"]
[WhiteFideId "14109336"]
[BlackFideId "34100200"]
[EventDate "2022.05.01"]

1. e4 c5 2. Nf3 d6 3. d4 cxd4 4. Nxd4 Nf6 5. Nc3 a6 6. Be2 e5 7. Nb3 Be7 8. Be3
Be6 9. Nd5 Nxd5 10. exd5 Bc8 11. Qd2 O-O 12. O-O Nd7 13. Kh1 f5 14. f4 Bf6 15.
c4 a5 16. Rad1 a4 17. fxe5 Bxe5 18. Nd4 Nc5 19. Nf3 Ne4 20. Qc2 Bf6 21. c5 dxc5
22. d6 Bd7 23. Nd2 Nxd2 24. Rxd2 b6 25. Bd3 Bg5 26. Bxg5 Qxg5 27. Rdf2 Qg6 28.
Qc4+ Kh8 29. Qd5 Qe6 30. Rxf5 Qxd5 31. Rxd5 Rxf1+ 32. Bxf1 Rf8 33. Kg1 Rf6 34.
Be2 1/2-1/2

[Event "TCh-RUS Women 2022"]
[Site "Sochi RUS"]
[Date "2022.05.08"]
[Round "7.2"]
[Board "2"]
[White "Sudakova, Irina"]
[Black "Bivol, Alina"]
[Result "1/2-1/2"]
[WhiteTitle "WGM"]
[BlackTitle "IM"]
[WhiteElo "2287"]
[BlackElo "2370"]
[WhiteTeam "Moskovskaya oblast"]
[BlackTeam "Shakhmatnaya sbornaya Moskvy"]
[WhiteFideId "4129903"]
[BlackFideId "4100123"]
[EventDate "2022.05.01"]

1. e4 e6 2. d4 d5 3. Bd3 dxe4 4. Bxe4 Nf6 5. Bf3 Nbd7 6. Ne2 Bd6 7. O-O O-O 8.
Ng3 c6 9. c4 e5 10. Nc3 exd4 11. Qxd4 Ne5 12. Be2 c5 13. Qd1 Nc6 14. Bg5 Be7 15.
Bd3 Ne5 16. Nf5 Bxf5 17. Bxf5 Qxd1 18. Raxd1 Nxc4 19. b3 Nd6 20. Bh3 Rfe8 21.
Rfe1 Rad8 22. g3 Bf8 23. Rxe8 Rxe8 24. Bf4 Nde4 25. Nxe4 Rxe4 26. Bg2 Re7 27.
Bf3 b6 28. Rd8 Re8 29. Rxe8 Nxe8 30. Bb8 Nd6 31. Bxa7 Nc8 32. Bb8 Bd6 33. Bb7
Bxb8 34. Bxc8 Kf8 1/2-1/2